000 00331nam a2200133Ia 4500
005 20260328104305.0
008 260328s9999||||xx |||||||||||||| ||und||
100 _aGibbs, Jenny
245 0 _aInterior Design /
_cJenny Gibbs
260 _bLaurence King
300 _a222 p.
650 _aDECORACIÓN Y ORNAMENTACIÓN
942 _cBK
999 _c10748
_d10748